[Event "Koop Tjuchem"]
[Site "Groningen"]
[Date "1996.??.??"]
[Round "7"]
[White "Svidler, Peter"]
[Black "Sokolov, Ivan"]
[Result "0-1"]
[WhiteElo "2650"]
[BlackElo "2670"]
[Annotator "Blatny,P"]
[PlyCount "64"]
[EventDate "1996.12.20"]
[EventType "tourn"]
[EventRounds "11"]
[EventCountry "NED"]
[EventCategory "16"]
[SourceTitle "CBM 057"]
[Source "ChessBase"]
[SourceDate "1997.04.01"]
[SourceVersion "1"]
[SourceVersionDate "1997.04.01"]
[SourceQuality "1"]

1. e4 {Ftacnik} e5 2. Nf3 Nc6 3. Bb5 a6 4. Ba4 Nf6 5. O-O Be7 6. Re1 b5 7. Bb3
O-O 8. c3 d5 9. exd5 Nxd5 10. Nxe5 Nxe5 11. Rxe5 c6 12. d3 Bd6 13. Re1 Qh4 14.
g3 Qh3 15. Re4 Qd7 16. Nd2 Bb7 (16... f5 $6 {Ftacnik} 17. Re1 Kh8 18. f4 $1 g5
19. Nf3 gxf4 20. Bxd5 cxd5 21. Bxf4 $16) 17. Re1 (17. Qf1 {Ftacnik} c5 18. Re1
Kh8 19. a4 f5 20. axb5 axb5 21. Rxa8 Bxa8 22. Bd1 g5 23. Nf3 g4 24. Ne5 Qb7 25.
f3 Kg7 26. Qf2 Qc7 27. Qd2 {1-0 Ivanchuk,V-Sokolov,I/Amsterdam Donner (07) ;
CBM 55_09 1996 (37)}) 17... c5 (17... Kh8 {Ftacnik} 18. Ne4 Rae8 19. Bxd5 cxd5
20. Nxd6 Qxd6 21. Bf4 Qd7 22. d4 Re4 23. Qd2 Rfe8 24. f3 R4e6 {1/2-1/2
Schlenker,J-Kempter,R/Krumbach op (06) ;TD 91\04 1991 (50)}) 18. Ne4 Be7 19.
Bg5 (19. Qh5 Kh8 20. Ng5 Nf6 21. Qh3 Qc6 22. f3 c4 23. dxc4 bxc4 24. Bc2 Bc5+
25. Kf1 h6 26. Ne4 Ba7 27. g4 Rae8 28. g5 Nd5 29. gxh6 g6 30. Bg5 f5 31. Nd2
Ne3+ 32. Bxe3 Rxe3 33. Qg3 Rf6 {1/2-1/2 Anand,V-Ivanchuk,V/London PCA 1994}) (
19. d4 c4 20. Bc2 h6 (20... f5 $5 21. Ng5 Bxg5 22. Bxg5 Qc6 $44) 21. f3 f5 22.
Nf2 Bd6 23. Bd2 Rae8 24. Rxe8 Rxe8 25. Qf1 Ne3 26. Bxe3 Rxe3 27. Qh3 $1 g6 $4 (
27... Rxf3 28. Re1 $1 Qc6 29. Bd1 $16) 28. Qxh6 Qe6 29. Be4 {1-0 Kveinys,
A-Wegner,H/Kuopio op 1992}) (19. f3 Kh8 20. Bd2 f5 21. Nf2 f4 $1 (21... Rad8 $5
{Ftacnik}) 22. Ne4 (22. Bxd5 fxg3 $1 23. hxg3 Bxd5 24. Ne4 Qh3 $40) 22... fxg3
23. hxg3 Qh3 24. Qe2 c4 $1 25. Bc2 (25. dxc4 Nxc3 $3 (25... Nxc3 $1 {Ftacnik}
26. Qg2 $1 Qxg2+ 27. Kxg2 Nxe4 28. fxe4 Rad8 $17)) 25... cxd3 26. Bxd3 Rad8 27.
Qf1 Qh5 28. g4 Qh4 $40 {Leko,P-Sokolov,I/Groningen 1995/ 1/2-1/2 (43)}) 19...
f6 (19... Bxg5 $6 {Ftacnik} 20. Nxc5 Qc6 21. Nxb7 Qxb7 22. Re5 $16) (19... Rad8
{Ftacnik} 20. Bxe7 Qxe7 21. Qh5 g6 (21... Rfe8 22. Bxd5 $1 Bxd5 23. Nf6+ Qxf6
24. Qxd5 $1 $16) 22. Qg5 f6 23. Qh4 Ba8 24. Re2 $1 $18 {Smagin,S-Nunn,J/
Dortmund/1991/}) 20. Bd2 $146 (20. Be3 Rac8 21. Nd2 Kh8 22. d4 c4 23. Bc2 f5
24. Qh5 Qc6 $44 25. f3 g6 26. Qh6 Bf6 27. a3 a5 $1 28. Bg5 Bg7 29. Qh3 b4 30.
axb4 axb4 31. Bh6 Rfe8 $1 32. Bxg7+ Kxg7 33. Nf1 (33. Ba4 $4 Rxe1+ 34. Rxe1
Qxa4 $19) (33. cxb4 c3 $1 34. bxc3 Qxc3 $19) (33. Rxe8 Qxe8 $19) 33... bxc3 34.
bxc3 Nxc3 $19 {Anka,E-Von Buelow,G/Hamburg op 1992/ 0-1 (45)}) (20. c4 Nb4 $1 (
20... fxg5 {Ftacnik} 21. cxd5 Bxd5 22. a4 $1 Kh8 (22... b4 23. Nxg5 Bxg5 24.
Re5 $16) 23. Bxd5 Qxd5 24. axb5 axb5 25. Rxa8 Rxa8 26. Nc3 Qd7 27. Nxb5 $14)
21. cxb5+ Kh8 22. Bd2 (22. Be3 Nxd3 $19) 22... Nxd3 23. bxa6 Rxa6 $17) 20...
Kh8 21. c4 $2 (21. d4 $5 c4 $140 22. Bc2 f5 (22... Qc6 23. f3) 23. Ng5 Bxg5 24.
Bxg5 Qc6 $44) (21. Qh5 $5 {Ftacnik} g6 22. Qh6 Rae8 $14) 21... Nb4 $1 22. Bxb4
$8 cxb4 23. cxb5 $6 (23. d4 {Ftacnik} bxc4 24. Bxc4 Rfd8 $132) (23. Qh5 {
Ftacnik} f5 24. Nd2 Bf6 $132) 23... f5 $1 24. Nd2 (24. bxa6 Rxa6 (24... Bxa6
25. Nd2 f4 (25... Bxd3 26. Nc4 $18) 26. Ba4 $16) 25. Nd2 Rh6 (25... f4 $40 {
Ftacnik}) 26. Nf3 f4 $1 $40 {[%csl Gb7,Rf3,Gf8,Rg1,Rg2,Rh1,Gh6][%cal Gf8f2,
Gb7h1,Gh6h1,Gf4g3]} 27. Ne5 fxg3 $1 {[%csl Gg3][%cal Gg3h2,Gh2h1]} 28. Nxd7 (
28. fxg3 Qd4+) (28. hxg3 Rh1#) 28... gxh2+ 29. Kf1 h1=Q+ 30. Ke2 Bf3+ 31. Kd2 (
31. Ke3 Rd6 $1 {/\Bg5#}) 31... Bg5+ $19) 24... axb5 {Ftacnik: White has a
spare pawn and solid control in the center, but he must be careful about
black's counterplay on the kingside. Ftacnik: Weiß kontrolliert das Zentrum
und hat schon einen Mehrbauern, aber er darf den Gegenangriff am Königsflügel
nicht unterschätzen.} 25. Re6 (25. Nf3 f4 $1 {[%csl Gb7,Gf8][%cal Gf8f2,Gb7h1,
Gd7h3]} (25... Bf6 {Ftacnik} 26. Ne5 Bxe5 27. Rxe5 f4 $16) 26. Ne5 Qh3 {
[%csl Rg1,Rg2][%cal Gb7g2,Gh3g2]} 27. f3 fxg3 $19) (25. Qe2 $6 {Ftacnik} Bf6
$14) 25... Bf6 26. Nf3 (26. Rb1 {Ftacnik} Qxd3 $10) 26... f4 $1 (26... Bxb2 {
Ftacnik} 27. Rb1 Bf6 28. Ne5 Bxe5 29. Rxe5 f4 $132) 27. d4 (27. Ne5 Bxe5 28.
Rxe5 Qd4 $1 $19 {[%csl Gd4,Rf2,Rg1][%cal Gd4f2,Gf8f2,Gf4g3]} (28... fxg3 {
Ftacnik} 29. hxg3 Qd4 30. Qe2 Rxf2 31. Qxf2 Qxe5 32. Rf1 h6 $15)) 27... fxg3
28. hxg3 Bxf3 29. Qxf3 Bxd4 30. Qc6 $2 (30. Qd5 $142 Bxf2+ (30... Qxd5 {Ftacnik
} 31. Bxd5 Rad8 32. Bb3 Rxf2 $19) 31. Kg2 $17) 30... Bxf2+ (30... Qxc6 {Ftacnik
} 31. Rxc6 Rxf2 32. Rd1 $17) 31. Kg2 Qd3 $19 32. Rg6 $5 $138 (32. Qd6 {Ftacnik}
Qf3+ 33. Kh2 Rf5 $19) (32. Kh1 {Ftacnik} Qxg3 $19) 32... Be1 $1 (32... Qxg6 $4
33. Qxg6 hxg6 34. Rh1#) (32... Be1 33. Rxe1 Qd2+ 34. Kh3 Qxe1 $19) 0-1

[Event "USA-ch"]
[Site "Key West"]
[Date "1994.??.??"]
[Round "12"]
[White "De Firmian, Nick E"]
[Black "Kreiman, Boris"]
[Result "1-0"]
[WhiteElo "2565"]
[BlackElo "2425"]
[Annotator "Blatny,P"]
[PlyCount "65"]
[EventDate "1994.10.??"]
[EventType "tourn"]
[EventRounds "13"]
[EventCountry "USA"]
[EventCategory "13"]
[SourceTitle "CBM 044"]
[Source "ChessBase"]
[SourceDate "1995.02.01"]
[SourceVersion "1"]
[SourceVersionDate "1995.02.01"]
[SourceQuality "1"]

1. e4 {Wedberg} e5 2. Nf3 Nc6 3. Bb5 a6 4. Ba4 Nf6 5. O-O Be7 6. Re1 b5 7. Bb3
O-O 8. c3 (8. a4 $5) 8... d5 {-> Marshall diskette} 9. exd5 Nxd5 10. Nxe5 Nxe5
11. Rxe5 Bb7 (11... c6) 12. d4 (12. Qf3 Bd6 (12... Bf6 13. Bxd5 c6 14. Re1 cxd5
15. d4 $16) 13. Bxd5 (13. Rxd5 Re8 (13... Qe7 14. Qe3 (14. Kf1 Rae8 15. Qd1
Bxd5 16. Bxd5 Qe5 17. Bc6 Qxh2 18. g3 Re6 $36) 14... Rae8) 14. Kf1 (14. Qxf7+
Kxf7 15. Rxd6+ Kf8 16. Rxd8 Raxd8 17. Kf1 Be4 $1 18. f3 Bd3+ 19. Kf2 Re2+ 20.
Kg3 Rd6 21. Na3 Rg6+ 22. Kf4 Rgxg2 23. h4 h5 {/\g5,Ph}) 14... Qe7 15. Qd1 Qh4 (
15... Bxd5 16. Bxd5 Qe5 17. Bxa8 Qxh2 18. g3 $18) 16. Rh5 Qe4 {Bajusz-Akos/
corr/1968/} 17. Rg5 (17. f3 Qg6 18. g4 Qd3+ $40) 17... Qd3+ 18. Kg1 Re2 19. Bc2
Qxc2 $19) 13... c6 14. Rh5 (14. Re1 cxd5 15. d4 Qc7 16. g3 Rae8 17. Rxe8 Rxe8
18. Be3 b4 $1 19. cxb4 (19. a3 a5 20. axb4 axb4 21. cxb4 Qc2 22. Nd2 Bxb4 $13 {
Tukmakov-Tseitlin/Kiev/1973/}) 19... Qc2 20. Nd2 Bxb4 21. Qd1 Rc8 $10 {
Sokolov-Ermolinski/Vilnius/1984/}) (14. Re2 cxd5 15. d4 Qc7 16. g3 Rae8 17. Nd2
b4 18. cxb4 Qc2 19. Re3 Bxb4 20. Nf1 Rxe3 (20... Re4 21. Rb3 a5 22. a3 Ba6 23.
axb4 Be2 {/\Qd1->}) 21. Nxe3 Qd3 22. Qd1 $14 {Sokolov-Kharitonov/Vilnius/1984/}
) 14... cxd5 15. d4 Re8 16. Be3 g6 17. Rh6 Bc8 18. g3 Bf5 (18... Bf8 19. Rh4
Ra7 20. Nd2 Be7 21. Rf4 Bg5 22. h4 Bxf4 23. Qxf4 $44 {Kudrjashov-Butnorius/
Rostov/1976/}) 19. Nd2 Be4 20. Nxe4 Rxe4 $44) 12... Bf6 (12... Qd7 13. Nd2 (13.
Qf3 {Wedberg} Rad8 14. Qf5 (14. Nd2 c5 15. dxc5 Bf6 16. Re1 Nxc3 $36 {Dimitrov,
V-Hebden,M/Capelle/1989}) 14... Qxf5 15. Rxf5 Rfe8 16. Be3 g6 17. Re5 f6 18.
Re4 Kg7 19. Bd2 c5 $44 {Harley,A-Hebden,M/Hastings-B/1988}) 13... Nf4 14. Ne4 (
14. f3 {Wedberg} Bd6 15. Re1 Nxg2 16. Kxg2 Qg4+ 17. Kh1 Qh3 18. Re2 Rae8 19. d5
$16 {Ilincic,Z-Hebden,M/Vrnjacka Banja/1989}) (14. Nf3 {Wedberg} Nxg2 15. Rxe7
Qxe7 16. Kxg2 Rad8 17. d5 Qe4 18. Qd4 Qg6+ 19. Kf1 Qh5 $15 {Tal/Gutman ECO})
14... Ng6 (14... Nxg2 15. Kxg2 Bf6 16. Qf3 $1 (16. f3 Bxe5 17. dxe5 Qf5 $44)
16... Bxe5 17. dxe5 Qc6 18. Ng5 $16) (14... Bd6 {Wedberg} 15. Nxd6 cxd6 16. Rg5
Ng6 17. Rg3 Rae8 18. Bg5 Qf5 19. Bc2 Be4 20. Bxe4 Rxe4 21. a4 $16 {Kudrin,
S-Hebden,M/Las Palmas/1989}) 15. Nc5 Bxc5 16. Rxc5 Rae8 17. Be3 Kh8 18. Rh5 h6
$1 19. h3 f5 $13 20. Bxh6 $140 gxh6 21. Rxh6+ Kg7 22. Qh5 Qd6 23. Rh7+ Kf6 24.
h4 Qf4) (12... Nf6 13. Bg5 (13. Nd2) 13... Bd6 14. Re1 Re8 15. Rxe8+ Qxe8 16.
Nd2 Ne4 17. Nf3 Qd7 18. Qd3 Re8 $36 {Levi-Greenfeld/Thessaloniki/1984/}) (12...
Bd6 13. Re1 (13. Rxd5 $142 Bxd5 14. Bxd5 Bxh2+ 15. Kxh2 Qxd5 16. Nd2 $132)
13... Qh4 14. g3 Qh3 15. Qf3 Rae8 16. Be3 (16. Bd2 Nf4 17. Qxb7 Rxe1+ 18. Bxe1
Ne2+) 16... Nxe3 17. Qxb7 Ng4 $19) 13. Re1 (13. Bxd5 Bxd5 14. Re1 Qd7 15. Be3
$44 {Haag-Barczay/Szombathely/1966/} Rae8 {/\<->e,Be7-d6,f5}) 13... Re8 14. Nd2
(14. Na3 b4 15. Nc4 bxc3 16. Na5 (16. Ne5 Qd6 17. Qe2 Re7 18. bxc3 Nxc3 19. Qc4
Qd5 $15 {Muchin-Romanishin/Vilnius/1971/}) 16... Bxd4 17. Nxb7 Qf6 18. Rf1 cxb2
19. Bxb2 Bxb2 20. Bxd5 Bxa1 21. Qxa1 {Servat-Adla/Buenos Aires op/1990/} Re5
22. Bf3 (22. Bb3 $2 Rb5) 22... Rae8 $14 {_|_}) 14... b4 $2 (14... Nf4 $142 15.
Nf3 (15. f3 $2 Bxd4+ 16. cxd4 Qxd4+ $40) 15... Bxf3 16. gxf3 Bg5 $44) 15. c4
Nf4 16. d5 Nd3 17. Rxe8+ Qxe8 18. Bc2 Nxf2 $146 (18... Nxb2 19. Bxb2 Bxb2 20.
Rb1 Bc3 21. Ne4 Qe5 22. Qd3 Re8 23. Nxc3 bxc3 24. f4 $1 $18 {De
Firmian-Crawley/Lugano op/1989/}) 19. Kxf2 Bd4+ 20. Kf1 Qe3 21. Qe1 Qg1+ 22.
Ke2 Qxg2+ $2 (22... Re8+ $142 23. Ne4 Qxe1+ 24. Kxe1 f5 25. a3 $1 bxa3 26. Rxa3
fxe4 27. Be3 $1 $16 {_|_}) 23. Kd3 Bf2 (23... Bc5 24. Ne4 $18 (24. Qg3 $2 Re8
$1)) 24. Qe4 Qxh2 25. Nf3 Qh3 26. Be3 $18 Bxe3 (26... f5 27. Qe6+ Kh8 28. Ng5
$18) 27. Kxe3 c6 28. d6 g6 (28... Qh6+ 29. Kf2 $18) 29. Kf2 Qh5 30. Qe5 $1 Qxe5
31. Nxe5 c5 32. Rd1 Rd8 33. Ba4 1-0

[Event "EU-chT (Men) 10th"]
[Site "Debrecen"]
[Date "1992.11.??"]
[Round "8.1"]
[White "Piket, Jeroen"]
[Black "Blatny, Pavel"]
[Result "1/2-1/2"]
[WhiteElo "2615"]
[BlackElo "2480"]
[Annotator "Blatny,P"]
[PlyCount "85"]
[EventDate "1992.11.20"]
[EventType "team-swiss"]
[EventRounds "9"]
[EventCountry "HUN"]
[SourceTitle "EU-chT"]
[Source "ChessBase"]
[SourceDate "1999.07.01"]
[SourceVersion "2"]
[SourceVersionDate "1999.07.01"]
[SourceQuality "1"]
[WhiteTeam "Netherlands"]
[BlackTeam "Czechoslovakia"]
[WhiteTeamCountry "NED"]
[BlackTeamCountry "CSR"]

1. e4 e5 2. Nf3 Nc6 3. Bb5 a6 4. Ba4 Nf6 5. O-O Be7 6. Re1 b5 7. Bb3 O-O 8. c3
d5 9. exd5 Nxd5 10. a4 Bb7 11. axb5 axb5 12. Rxa8 Bxa8 13. d3 Bf6 14. Nbd2 $5
Nf4 15. Ne4 Nxd3 (15... Qxd3 16. Bxf4 Qxd1 17. Rxd1 {/\ Nf6+/=}) 16. Nfg5 $2 (
16. Nxf6+ $5 gxf6 17. Re4 Ne7 $1 18. Rg4+ Ng6 19. Bh6 (19. Nh4 Nxc1 20. Qxc1
Bd5 $15) 19... f5 $13) 16... Nxe1 $1 (16... Nxc1 17. Qh5 Bxg5 18. Nxg5 Qxg5 19.
Bxf7+ Rxf7 20. Qxg5 Nd3 21. Ra1 $14) 17. Qh5 Bxg5 $8 18. Nxg5 (18. Bxg5 $2 Qd3
$19) 18... Qd3 $1 $8 (18... h6 $2 19. Nxf7 (19. Bxf7+ $2 Rxf7 20. Qxf7+ Kh8 21.
Ne6 Qg8 $19) 19... Rxf7 20. Qxf7+ Kh7 $1 $8 (20... Kh8 21. Bg5 $3 Nf3+ (21...
Qc8 22. Be6 Qb8 23. Bxh6 $1 gxh6 24. Qf6+ Kh7 25. Bf7 $1 Ne7 $8 26. Qxe7 $18)
22. Qxf3 Qe8 $8 23. Bxh6 $1 gxh6 (23... Nd4 24. Bxg7+ Kxg7 25. Qg3+ $18) 24.
Qf6+ Kh7 25. Bf7 $1 Qf8 26. Bg6+ Kg8 27. Bh7+ $18) 21. Qf5+ (21. Bg5 Qxg5 (
21... Nf3+ 22. Qxf3 Qxg5 23. Bc2+ $10) 22. Qg8+ Kg6 23. Qe8+ $5 (23. Qf7+ $10)
23... Kf5 $8 24. Qe6+ Ke4 25. Qd5+ $10) 21... Kh8 22. Bg5 $1 Qe8 23. Bxh6 $5
Ne7 $1 (23... gxh6 $2 24. Qf6+ Kh7 25. Bf7 $18) 24. Bxg7+ $1 (24. Qxe5 $2 Qg6
$19) (24. Qh3 Bxg2 $19) 24... Kxg7 25. Qxe5+ Kh6 26. Qe3+ Kh7 27. Qxe1 $40 {
עh7}) 19. Nxf7 Nd4 $6 (19... Nf3+ $2 20. gxf3 Qg6+ 21. Ng5+ Kh8 22. Qxg6 (22.
Qh4 $2 Ne7 $19) 22... hxg6 23. Nf7+ Kh7 24. Ng5+ $10) (19... Qb1 $3 20. Nxe5+
Kh8 21. Nf7+ Rxf7 22. Qxf7 Nf3+ 23. Qxf3 (23. gxf3 Qxc1+ 24. Kg2 Qg5+ {/\ Qd8-+
}) 23... Qxc1+ 24. Bd1 Kg8 25. Qd5+ (25. h3 Nd8 $1 $19) 25... Kf8 26. Qf5+ Ke7
27. Qe4+ Kd6 28. Qd3+ Ke6 {/\ Ne5-+}) 20. Nxe5+ $8 (20. Nh6+ $2 Kh8 21. Nf7+
Rxf7 22. Qxf7 Ne2+ 23. Kh1 Bxg2#) 20... Nxb3 21. Nxd3 Nxd3 22. Be3 c5 23. h4 $1
(23. Qg4 Kh8 $1 (23... Bd5 $6 24. Bh6 Rf7 25. Qc8+ Rf8 26. Qd7) 24. Qd7 Nxb2 (
24... Nxb2 25. Qxb5 c4 26. Qd7 {/\ Qe7, Bh6}) 25. Qe7 (25. Qxb5 $5 c4 26. Qd7 {
/\ Qe7, Bh6}) 25... Rg8 (25... Rb8 26. Bh6 $1 Rg8 $8 27. Bxg7+ Rxg7 28. Qf8+
$10) 26. Bxc5 (26. Bh6 Bd5 $1 $8 27. Qd7 Bc4 $19 {_|_}) 26... Nxc5 27. Qxc5 Na4
$17 {_|_}) 23... Be4 24. Qg4 Bf5 25. Qf3 Be6 26. Qe4 Bc4 27. h5 $8 Nbc1 (27...
Nxb2 $2 28. h6 $132) 28. h6 Ne2+ 29. Kh2 Nef4 (29... Nxf2 $2 30. Bxf2 Rxf2 31.
b3 $1 $16) 30. g3 $1 Bd5 (30... Ne6 $2 31. b3 $1 Nxf2 32. Bxf2 Rxf2+ 33. Kg1
Rf6 $1 (33... Ng5 34. Qg4 $1 $18 {_|_}) 34. bxc4 bxc4 $10 {_|_}) 31. Qe7 Ne6
32. hxg7 Nxg7 (32... Rf7 $2 33. Qe8+ Kxg7 34. Bh6+ Kg6 35. f4) 33. Qd7 $1 Bc4
34. Bh6 $1 Rxf2+ 35. Kg1 Rf1+ $1 36. Kh2 Rf2+ 37. Kg1 Rf1+ 38. Kh2 Ne6 39. b3
$1 (39. Qc8+ $2 Nf8 $19) 39... Rf2+ 40. Kg1 Rf1+ 41. Kh2 Rf2+ (41... Rf6 42.
Qc8+ (42. Qe8+ Nf8 43. Bxf8 Rxf8 44. Qe3 $1 Bxb3 45. Qxd3 Bc4 $10 {_|_}) 42...
Kf7 43. Qb7+ Ke8 (43... Kg6 44. Be3 Nf2 45. Bxf2 Rxf2+ 46. Kg1 Rf1+ 47. Kg2 Bd3
48. Qd5) 44. Be3 Nf2 45. Bxc5 (45. Bxf2 $5 Rxf2+ 46. Kg1 Rf1+ 47. Kg2 Be2 48.
Qxh7) 45... Nxc5 (45... Ng4+ 46. Kh3 $44) 46. Qc8+ {/\ bc4~/=}) 42. Kg1 (42.
Kh3 $2 Rf6 43. Qe8+ (43. Qc8+ Nf8 (43... Kf7 44. Qb7+ Kg6 $6 45. Be3 (45. bxc4
$2 Kxh6 46. cxb5 Ng5+ 47. Kg2 (47. Kh4 Nf2 $1 48. g4 $8 Nfe4 {/\ Rf3-h3#})
47... Rf2+ 48. Kh1 Nf3 49. Qc6+ Kg5 50. Qd5+ Nde5 51. Qg8+ Kh5 $1 52. Qxh7+ Kg4
53. b6 Kxg3 54. Qg7+ Ng4 55. Qc7+ Nfe5 56. Kg1 Rd2 $1 57. Kf1 Nh2+ $19) 45...
Nf2+ (45... Rf7 $2 46. Qe4+ Rf5 47. Kh4 $1 $16) 46. Kg2 $1 (46. Bxf2 Bf1+ $19)
46... Bxb3 47. Bxf2 Bc4 48. Qe4+ Rf5 $1 {/\ h5=} 49. Qg4+ (49. g4 $2 Bd5 50.
gxf5+ Kh5 $1) 49... Rg5 50. Qe4+ $10) 44. bxc4 Rxh6+ 45. Kg2 bxc4 46. Qg4+ Kh8
47. Qxc4 Rd6 48. Qf7 Ng6 49. Qc7 Rd5 $1 $17 {_|_}) 43... Nf8 44. Bxf8 (44. Bg5
$2 Be6+ 45. Kh4 Ne5 $1 $19) (44. Be3 $2 Be6+ 45. Kh2 Rf5 46. g4 Rf3 47. Qd8 c4
$19 {_|_}) 44... Rxf8 45. Qe3 Nf2+ $17) 42... Rf1+ 43. Kh2 1/2-1/2

[Event "EU-chT (Men) 12th"]
[Site "Batumi"]
[Date "1999.12.05"]
[Round "7.2"]
[White "Polgar, Judit"]
[Black "Onischuk, Alexander"]
[Result "1/2-1/2"]
[WhiteElo "2671"]
[BlackElo "2657"]
[Annotator "Blatny,P"]
[PlyCount "36"]
[EventDate "1999.11.06"]
[EventType "team-swiss"]
[EventRounds "9"]
[EventCountry "GEO"]
[SourceTitle "CBM 074"]
[Source "ChessBase"]
[SourceDate "2000.02.01"]
[SourceVersion "1"]
[SourceVersionDate "2000.02.01"]
[SourceQuality "1"]
[WhiteTeam "Hungary"]
[BlackTeam "Ukraine"]
[WhiteTeamCountry "HUN"]
[BlackTeamCountry "UKR"]

1. e4 e5 2. Nf3 Nc6 3. Bb5 a6 4. Ba4 Nf6 5. O-O Be7 6. Re1 b5 7. Bb3 O-O 8. c3
d5 9. exd5 Nxd5 10. Nxe5 Nxe5 11. Rxe5 c6 12. d4 Bd6 13. Re1 Qh4 14. g3 Qh3 15.
Re4 g5 (15... Bb7 $6 16. Rh4 Qe6 17. Nd2 f5 (17... Rfe8 18. Ne4 Be7 19. Nc5
Bxc5 20. dxc5 Qe7 21. Qd3 g6 22. Qd2 h5 23. Bxd5 cxd5 24. Qd4 Qf8 25. Be3 Re6
26. Qf4 d4 27. Bxd4 Qe7 28. Rf1 Kh7 29. Be3 Qf8 30. Rd1 Kg8 31. Rd7 Bc6 32. Rd6
Rd8 33. Rxd8 Qxd8 34. Qd4 Qe8 35. Rf4 Re5 36. Qd2 Bb7 37. Rf6 Re6 38. Rf4 Re4
39. Qd6 Re6 40. Qd2 Re4 41. Qd6 Re6 42. Qc7 Bd5 43. Kf1 Rc6 44. Qa5 Bc4+ 45.
Ke1 Rxc5 46. Qxa6 Re5 47. Kd2 Re6 48. Qa3 Re4 49. b3 Qd7+ 50. Kc1 Rxf4 51. Qa8+
Kg7 52. Bxf4 Be6 53. Be5+ f6 54. Bd4 Bf7 55. Qa6 Qf5 56. h4 g5 57. hxg5 Qxg5+
58. Kb2 b4 59. Qe2 h4 60. gxh4 Qxh4 61. Qe3 bxc3+ 62. Bxc3 Bd5 63. a4 Kf7 64.
Ka3 Qh8 65. Qc5 {1-0 Nunn,J-Hebden,M/London 1990/EXT 97 (65)}) 18. Qh5 h6 19.
Nf3 Be7 20. Rh3 c5 (20... Rae8 21. Bf4) 21. dxc5 Bxc5 22. Bf4 Rae8 (22... Qe2
23. Bxh6 $1) 23. Rd1 Re7 24. Bg5 Rd7 25. Re1 Qb6 26. Re2 Kh7 27. Rh4 a5 (27...
Kg8 28. Ne5 Rc7 29. Ng6 Rfc8 30. Nf4) 28. Bxh6 $1 Qxh6 (28... gxh6 29. Re6
Bxf2+ 30. Kf1 Ne3+ 31. Ke2 Bxf3+ 32. Kxf3) 29. Qg5 a4 30. Re6 $1 {1-0 Leko,
P-Adams,M/Dortmund 1999/CBM 72_02/[Blatny,P] (30)}) (15... Qd7 16. Nd2 f5 17.
Re1 f4 18. Ne4 Qh3 19. Qe2 $2 Bg4 20. Qf1 Qh5 21. Bd1 $2 Bxd1 22. Rxd1 fxg3 23.
hxg3 Rxf2 $1 24. Kxf2 Rf8+ 25. Kg2 Rxf1 26. Rxf1 Qe2+ 27. Nf2 Bxg3 $1 $19 28.
a4 b4 29. cxb4 Bxf2 30. Rxf2 Qg4+ 31. Kh2 Qxd4 32. Kg2 Nxb4 33. Bd2 Nd3 34.
Rff1 Qg4+ 35. Kh1 h5 36. Bc3 h4 37. Rad1 Nf2+ 38. Rxf2 Qxd1+ 39. Kh2 Qxa4 40.
Rg2 Qf4+ {0-1 Adams,M-Sokolov,I/Wijk aan Zee 1991/CBM 22/[Salov] (40)}) 16. Qe2
(16. Bc2 Bf5 17. Qf3 Bf4 (17... Bxe4 18. Bxe4 Qe6 19. Bxg5 f5 20. Bd3 Qe1+ $2 (
20... h6 $1 21. Bd2 Ra7 {~/= /\ Rg7, f4}) 21. Kg2 Rae8 22. Bd2 Qe6 23. Na3 $14
Bxa3 24. bxa3 Nb6 25. Re1 Qd5 26. Rxe8 Rxe8 27. Bxf5 Nc4 28. Bh6 $1 Re2 29.
Qxd5+ cxd5 30. h4 Re8 $2 31. Bd7 $18 Re7 32. Bc6 Kf7 33. Bxd5+ Ke8 34. Bf4 Kd7
35. Bb7 a5 36. d5 b4 37. Bc6+ Kc8 38. cxb4 axb4 39. d6 {1-0 Milos,G-Egger,J/
Sao Paulo 1993/CBM 36/[Wedberg] (39)}) 18. Bxf4 gxf4 19. Nd2 Bxe4 20. Bxe4 fxg3
21. hxg3 Qh6 22. Rd1 Ne7 23. Bc2 f5 24. Bb3+ Kh8 25. Re1 Nd5 26. Bxd5 cxd5 27.
Nf1 Rad8 28. Re5 f4 29. g4 Qg6 30. Kg2 Qb1 31. Re7 Rd6 32. Qh3 Qg6 33. Nh2 Re6
34. Rd7 f3+ 35. Nxf3 Ref6 36. Ne5 Rxf2+ 37. Kg3 Qe4 38. Kh4 Qf4 39. Rxh7+ Kxh7
40. Qd3+ Qe4 {0-1 Enders,P-Panczyk,K/Poznan 1985/MCD (40)}) (16. Qf3 Bf5 17.
Bxd5 cxd5 18. Re3 Rad8 19. Nd2 Rfe8 20. a4 b4 21. c4 dxc4 22. Nxc4 Bd3 23.
Rxe8+ $2 Rxe8 24. Ne3 Bf4 25. Qg2 Qh5 26. gxf4 Qd1+ $1 27. Qf1 Qxf1+ 28. Nxf1
Re1 29. fxg5 b3 30. h4 Bxf1 31. f3 Bc4+ 32. Kf2 Rf1+ 33. Kg2 Rd1 34. h5 a5 35.
Kf2 f6 36. gxf6 Bd5 37. Ke2 Rh1 38. Kf2 Kf7 39. Kg2 Rd1 40. Kf2 Ke6 41. Ke2 Rh1
42. Kf2 Kd7 43. h6 Kc6 44. Ke2 Bc4+ 45. Kf2 Rd1 46. Kg2 Kd7 47. Kf2 Bd5 48. Ke2
Rh1 49. Kf2 Ke6 50. Kg2 Rd1 51. Kf2 Kf5 52. Ke2 Rh1 53. Kf2 Bc4 54. Kg2 Rd1 55.
Kf2 Kg6 56. Kg2 Re1 57. Kf2 Re2+ 58. Kg3 Kxf6 59. d5 Bxd5 60. Rb1 Be6 61. Bf4 {
1/2-1/2 Timman,J-Short,N/Tilburg 1991/CBM 26/[Ernst] (61)}) 16... Nf6 17. Nd2
Bf5 18. f3 (18. Re5 Bxe5 19. dxe5 Ng4 20. Nf3 Rae8 21. Qf1 Qxf1+ 22. Kxf1 h6
23. h4 Be4 24. Ne1 Rxe5 25. f4 gxh4 26. gxh4 Re7 27. Bd1 Bf5 28. Nf3 Rd8 29.
Be2 Rde8 30. Bd1 Bd3+ 31. Kg2 Be2 32. Bxe2 Rxe2+ 33. Kg3 h5 34. f5 Rf2 35. a4
Rf1 36. axb5 cxb5 37. b3 f6 38. Nd4 Ree1 39. Rxa6 Rxc1 40. Nxb5 Rxf5 {0-1
Petrosian,T-Averbakh,Y/Moscow 1947/EXT 99 (40)}) 18... Nxe4 1/2-1/2